000 00432nam a22001817a 4500
999 _c6262
_d6260
005 20210826102337.0
008 200518b xxu||||| |||| 00| 0 eng d
020 _a9798189747557
041 _aeng
082 _a615
100 _aSharma, Dr. Nirmal and others
_96686
245 _aMEDICINAL PLANTS
250 _a2'nd
260 _aDelhi
_bBirla Publication
_c2020
300 _a114,vii
650 _aPharmacy
_96687
942 _cBK